<?xml version="1.0" encoding="UTF-8"?>
<collection xmlns:xsi="http://www.w3.org/2001/XMLSchema-instance" xsi:schemaLocation="http://www.loc.gov/MARC21/slim http://www.loc.gov/standards/marcxml/schema/MARC21slim.xsd" xmlns="http://www.loc.gov/MARC21/slim">
 <record>
  <leader>00000cam a22000004i 4500</leader>
  <controlfield tag="001">UP-1685594773861203535</controlfield>
  <controlfield tag="003">Buklod</controlfield>
  <controlfield tag="005">20230911121754.0</controlfield>
  <controlfield tag="006">m    |o  d |      </controlfield>
  <controlfield tag="007">ta</controlfield>
  <controlfield tag="008">941222s1984    xx ab   rb   |001 0|eng||</controlfield>
  <datafield tag="035" ind1=" " ind2=" ">
   <subfield code="a">(iLib)UPBAG-00000009594</subfield>
  </datafield>
  <datafield tag="040" ind1=" " ind2=" ">
   <subfield code="a">DML</subfield>
   <subfield code="d">BAG</subfield>
   <subfield code="e">rda</subfield>
  </datafield>
  <datafield tag="041" ind1="0" ind2=" ">
   <subfield code="a">eng</subfield>
  </datafield>
  <datafield tag="090" ind1=" " ind2="0">
   <subfield code="a">DS 653</subfield>
   <subfield code="b">S36 1984</subfield>
  </datafield>
  <datafield tag="100" ind1="1" ind2=" ">
   <subfield code="a">Scott, William Henry</subfield>
   <subfield code="d">1921-1993</subfield>
   <subfield code="e">author.</subfield>
  </datafield>
  <datafield tag="245" ind1="1" ind2="0">
   <subfield code="a">Prehispanic source materials for the study of Philippine history</subfield>
   <subfield code="c">by William Henry Scott.</subfield>
  </datafield>
  <datafield tag="250" ind1=" " ind2=" ">
   <subfield code="a">Revised edition.</subfield>
  </datafield>
  <datafield tag="264" ind1=" " ind2="1">
   <subfield code="a">Quezon City</subfield>
   <subfield code="b">New Day Publishers</subfield>
   <subfield code="c">[1984].</subfield>
  </datafield>
  <datafield tag="300" ind1=" " ind2=" ">
   <subfield code="a">xviii, 196 pages, [1] leaf of plates</subfield>
   <subfield code="b">illustrations, maps</subfield>
   <subfield code="c">23 cm</subfield>
  </datafield>
  <datafield tag="500" ind1=" " ind2=" ">
   <subfield code="a">Earlier edition entitled: A critical study of the prehispanic source materials for the study of Philippine history.</subfield>
  </datafield>
  <datafield tag="504" ind1=" " ind2=" ">
   <subfield code="a">Includes bibliographical references (pages [157]-183) and index.</subfield>
  </datafield>
  <datafield tag="505" ind1="0" ind2=" ">
   <subfield code="a">Chapter 1: Archaeology -- The geological background -- The pleistocene in the Philippines -- The ice ages -- Tropical rain forests -- Archaeological dating methods -- Chinese porcelains -- Stratification and association -- Carbon-14 -- Other methods -- The old stone age in the Philippines -- Tool uses -- distribution -- Tabon man -- The new stone age in the Philippines -- Tool types -- New stone age dates -- The iron age in the Philippines -- Pottery and porcelain in the Philippines -- Philippine pottery -- Chinese porcelains -- Ancient Philippine graves -- Jar burials -- Skeletal remains -- Physical type -- Prehistorical  Phillipine living condition -- Golsmithing -- Conclusion.</subfield>
  </datafield>
  <datafield tag="505" ind1="0" ind2=" ">
   <subfield code="a">Chapter 2: Linguistics and palaeography -- Austronesian languages -- Proto-Austronesian -- Lexicostatistics -- Loan-words -- Sanskit loan-words -- Chinese loan-words -- Malay loan-words -- Language convergence and innovation -- Language convergence -- Innovations -- Dating Philippine languages -- Glottochronology -- A Philippine language tree -- The Philippine alphabet -- History -- Description -- Origin.</subfield>
  </datafield>
  <datafield tag="505" ind1="0" ind2=" ">
   <subfield code="a">Chapter 3: Written records -- Chinese records -- Chao-Ju-kuas Chu Fan Chih -- Wang Ta-yuans Tao I Chih Lueh -- Later Chinese accounts -- Other accounts -- Marco Polo -- Friar Odoric -- Iban Batuta -- Tome Pires -- Quasi-historical records -- List of Chinese characters.</subfield>
  </datafield>
  <datafield tag="505" ind1="0" ind2=" ">
   <subfield code="a">Chapter 4: The Maragtas -- Provenance -- Contents -- Sources -- History of the first datus -- The confederation of Madiaas -- The Maragtas code -- Use of the Maragtas by historians -- Summary.</subfield>
  </datafield>
  <datafield tag="505" ind1="0" ind2=" ">
   <subfield code="a">Chapter 5: The contribution of Jose E. Marco to the Philippine historiography -- Resena historica de la Isla de Negros -- The three bark documents -- Provenance -- Contents -- Informes ineditos sobre Filipinas and Un mapa antiquisimo -- The Povedano manuscript of 1572 -- Provenance -- Contenta -- Anachronisma -- The Povedano manuscripts of 1577 and 1579 -- Assessment -- The code of Kalantiaw -- Conclusion -- Postscript.</subfield>
  </datafield>
  <datafield tag="505" ind1="0" ind2=" ">
   <subfield code="a">Chapter 6: Summary and conclusions -- Conclusions -- Notes: List of Chinese and Japanese characters.</subfield>
  </datafield>
  <datafield tag="651" ind1=" " ind2="0">
   <subfield code="a">Philippines</subfield>
   <subfield code="x">History</subfield>
   <subfield code="y">To 1521</subfield>
   <subfield code="v">Sources.</subfield>
  </datafield>
  <datafield tag="856" ind1="4" ind2="0">
   <subfield code="a">Request full-text access of NEEDED chapter/pages here</subfield>
   <subfield code="u">https://forms.gle/KZjBv7aRtY6jiL5E9</subfield>
  </datafield>
  <datafield tag="905" ind1=" " ind2=" ">
   <subfield code="a">FI</subfield>
  </datafield>
  <datafield tag="852" ind1="0" ind2=" ">
   <subfield code="a">UPBAG</subfield>
   <subfield code="b">UPBAG-MAIN</subfield>
   <subfield code="h">DS 653</subfield>
   <subfield code="i">S36 1984</subfield>
  </datafield>
  <datafield tag="942" ind1=" " ind2=" ">
   <subfield code="a">Book</subfield>
  </datafield>
 </record>
</collection>
